000 00431nam a22001697a 4500
005 20260331132952.0
008 260331b |||||||| |||| 00| 0 eng d
020 _a0-85404-200-8
041 _aeng
082 _a622.028 HES-M
100 _aHESTER, R.E AND HARRISON, R M.
_98911
245 _aMINING AND ITS ENVIRONMENTAL IMPACT
260 _bTHE ROYAL SCIENCE
300 _a164;P
650 _aMINING ENGINEERING
942 _cBK
999 _c9104
_d9102